Bancos centrales, régimen de inflación y cración de empleo

Shranjeno v:
Bibliografske podrobnosti
Glavni avtor: Epstein, Gerald
Korporativna značnica: Oficina Internacional del trabajo
Format: Texto
Izdano: Ginebra
Oznake: Označite
Brez oznak, prvi označite!

MARC

LEADER 00000 a a2200000 04500
001 38214
003
040
090 |a 1001 E64b  
100 |a Epstein, Gerald  
110 |a Oficina Internacional del trabajo  
245 |a Bancos centrales, régimen de inflación y cración de empleo  
260 |a Ginebra  
300 |a 48 p.  
999 |c 14409  |d 14409